书目信息 |
| 题名: |
2018年文化观察选粹
|
|
| 作者: | 金浪, 主编 | |
| 分册: | ||
| 出版信息: | 太原 北岳文艺出版社 2019 |
|
| 页数: | 262页 | |
| 开本: | 24cm | |
| 丛书名: | 北岳·中国文学年选 | |
| 单 册: | ||
| 中图分类: | G122-53 | |
| 科图分类: | ||
| 主题词: | 文化研究--Wen Hua Yan Jiu--中国--文集 | |
| 电子资源: | ||
| ISBN: | 978-7-5378-5799-4 | |
| 000 | 01307nam 2200301 450 | |
| 001 | 012001003548 | |
| 005 | 20140113144425.0 | |
| 010 | @a978-7-5378-5799-4@dCNY58.00 | |
| 099 | @aCAL 012019056035 | |
| 100 | @a20190417d2019 em y0chiy50 ea | |
| 101 | 0 | @achi |
| 102 | @aCN@b140000 | |
| 105 | @ay z 000yy | |
| 106 | @ar | |
| 200 | 1 | @a2018年文化观察选粹@A2018 nian wen hua guan cha xuan cui@d= Cases in cultural observation@f金浪主编@zeng |
| 210 | @a太原@c北岳文艺出版社@d2019 | |
| 215 | @a262页@d24cm | |
| 225 | 2 | @a北岳·中国文学年选@Abei yue· zhong guo wen xue nian xuan |
| 314 | @a金浪,文学博士。美国马萨储塞大学传播学系访问学者。现供职于重庆大学人文社会科学高等研究院,副教授,硕士生导师,共和国研究中心研究员。 | |
| 330 | @a本书是对2018年中国文化领域热点问题所做的及时盘点和总结。本书在选文中力求客观公允、力图还原争论的多方立场,其中既包括悉心遴选的该年度极具代表性的文化观察文章,也包括对该年度文化领域的宏观性把握,可谓2018年文化“温度”。 | |
| 410 | 0 | @12001 @a北岳·中国文学年选 |
| 510 | 1 | @aCases in cultural observation@zeng |
| 517 | 1 | @a文化观察选粹@Awen hua guan cha xuan cui |
| 606 | 0 | @a文化研究@AWen Hua Yan Jiu@y中国@j文集 |
| 690 | @aG122-53@v5 | |
| 701 | 0 | @a金浪,@Ajin lang@f1982-@4主编 |
| 801 | @b江苏凤凰@c20191020 | |
| 905 | @b1236380-5@dG122-53@e281@f6 | |
| 2018年文化观察选粹= Cases in cultural observation/金浪主编.-太原:北岳文艺出版社,2019 |
| 262页;24cm.-(北岳·中国文学年选) |
| ISBN 978-7-5378-5799-4:CNY58.00 |
| 本书是对2018年中国文化领域热点问题所做的及时盘点和总结。本书在选文中力求客观公允、力图还原争论的多方立场,其中既包括悉心遴选的该年度极具代表性的文化观察文章,也包括对该年度文化领域的宏观性把握,可谓2018年文化“温度”。 |
| ● |
| 相关链接 |
|
|
|
|
正题名:2018年文化观察选粹
索取号:G122-53/281
 
预约/预借
| 序号 | 登录号 | 条形码 | 馆藏地/架位号 | 状态 | 备注 |
| 1 | 1236380 | 212363805 | 第一样本阅览室/ [索取号:G122-53/281] | 在馆 | |
| 2 | 1236381 | 212363814 | 教育系资料室/ [索取号:G122-53/281] | 在馆 | |
| 3 | 1236382 | 212363823 | 教育系资料室/ [索取号:G122-53/281] | 在馆 | |
| 4 | 1236383 | 212363832 | 教育系资料室/ [索取号:G122-53/281] | 在馆 | |
| 5 | 1236384 | 212363841 | 第四借阅区/ [索取号:G122-53/281] | 在馆 | |
| 6 | 1236385 | 212363850 | 第四借阅区/ [索取号:G122-53/281] | 在馆 |